| 000 | 00563 a2200217 4500 | ||
|---|---|---|---|
| 005 | 20260412110926.0 | ||
| 008 | 260410b |||||||| |||| 00| 0 eng d | ||
| 020 |
_a9781119790778 _c$ 88.95 |
||
| 040 | _aMAIN | ||
| 082 |
_a647.94068 _bH326R(2) |
||
| 100 | _aHayes, David K | ||
| 245 | _aRevenue management for the hospitality industry | ||
| 250 | _a2nd | ||
| 260 |
_bJohn Wiley _c2022 _aCroydon |
||
| 300 | _av. | ||
| 650 | _aHotel Management | ||
| 650 | _aHospitality Industry | ||
| 700 | _aHayes, Joshua D | ||
| 700 | _aHayes, Peggy A | ||
| 942 | _cBK | ||
| 999 |
_c395632 _d395632 |
||